|
|
|
|
| LEADER |
00000nam0a2200000 4500 |
| 001 |
356088 |
| 005 |
20240212145323.0 |
| 010 |
|
|
|b 1000 экз.
|
| 035 |
|
|
|a (RuTPU)RU\TPU\retro\13348
|
| 090 |
|
|
|a 356088
|
| 100 |
|
|
|a 20200715d1944 k y0rusy50 ca
|
| 101 |
0 |
|
|a rus
|a eng
|
| 102 |
|
|
|a RU
|
| 105 |
|
|
|a y o 000zy
|
| 200 |
1 |
|
|a Эфемериды пар Цингера на 1944 год
|f Астрономический институт Академии наук СССР ; ред. А. М. Гижицкий
|
| 210 |
|
|
|a Москва
|a Ленинград
|c Издательство Академии наук СССР
|d 1944
|
| 215 |
|
|
|a 100 с.
|
| 300 |
|
|
|a Подписано к печати 6/VI 1944 г.
|
| 606 |
1 |
|
|a Эфемеридная астрономия
|2 stltpush
|3 (RuTPU)RU\TPU\subj\21496
|9 46475
|
| 610 |
1 |
|
|a звезды
|
| 610 |
1 |
|
|a пары
|
| 610 |
1 |
|
|a названия
|
| 610 |
1 |
|
|a величины
|
| 610 |
1 |
|
|a вычисления
|
| 610 |
1 |
|
|a таблицы
|
| 610 |
1 |
|
|a коллекция: 1941-1945 гг.
|
| 610 |
1 |
|
|a Великая Отечественная война 1941-1945
|
| 675 |
|
|
|a 521.9
|v 4
|
| 702 |
|
1 |
|a Гижицкий
|b А. М.
|4 340
|
| 712 |
0 |
2 |
|a Академия наук СССР
|b Астрономический институт
|c (Ленинград)
|2 stltpush
|3 (RuTPU)RU\TPU\col\27526
|9 28704
|
| 801 |
|
1 |
|a RU
|b 63413507
|c 20200715
|
| 801 |
|
2 |
|a RU
|b 63413507
|c 20200804
|g RCR
|
| 942 |
|
|
|c BK
|